| 000 | 00459nam a22001697a 4500 | ||
|---|---|---|---|
| 005 | 20160428172153.0 | ||
| 008 | 160428b xxu||||| |||| 00| 0 eng d | ||
| 020 | _a81-2032074-3 | ||
| 041 | _aeng | ||
| 082 | _b00729 | ||
| 100 |
_aGroover. Mikell P. _9177 |
||
| 245 | _aAutomation, Production Systems and Computer Integrated Manufacturing | ||
| 260 |
_aNew Delhi _bPHI Pvt Ltd. _c2003 |
||
| 300 | _a856 | ||
| 650 |
_aInformation Technology _9137 |
||
| 942 | _cBK | ||
| 999 |
_c211 _d211 |
||